| 000 | 00750cab a2200253 4500 | ||
|---|---|---|---|
| 001 | WB3204-41 | ||
| 008 | 090401t1996 xxu||||| |||| 00| 0 eng d | ||
| 035 | _a(Sirsi) u8604 | ||
| 041 | _aeng | ||
| 245 | _aEnd for bad landlords | ||
| 260 | _c1996 | ||
| 350 | _a0 | ||
| 490 |
_aDaily Telegraph _v24 January 1996, 31 |
||
| 490 |
_aTimes _v1 May 1996, 31(3) |
||
| 520 | _aAssesses government proposals to give leasehold homeowners better protection against unscrupulous landlords. (See WB3203-29) | ||
| 650 | _aBLOCKS OF FLATS | ||
| 650 | _aHOUSING BILL | ||
| 650 | _aLEASEHOLD REFORM | ||
| 650 | _aLEASEHOLDERS | ||
| 650 | _aRIGHT OF FIRST REFUSAL | ||
| 690 | _aLANDLORD AND TENANT-LEASEHOLD REFORM | ||
| 942 | _n0 | ||
| 948 | _c04/03/1997 | ||
| 999 |
_c5326 _d5326 |
||